00477 a2200169 450000100060000002000180000604000220002410000340004624000300008024500250011030000080013536200090014365000220015294200070017495201090018199900170029062085 a9788526015975 cAnchieta - Pituba aGesteira, Sérgio Martagão10aRuy Espinheira Filholpor10aRuy Espinheira Filho a2850 a2011 4aPoesia brasileira cBK 00104070a91.1b91.1d2023-11-21l0o869.91 R985r RUYp14534/PITr2023-11-21 18:30:24w2023-11-21yBK c62085d62085